21_岐阜県の市町村(ひらがな対応・五十音順) - Statistics

General Stats
  • This quiz has been taken 36 times
  • The average score is 37 of 42
Answer Stats
種類 市町村名 % Correct
岐阜市
100%
恵那市
95%
大垣市
95%
海津市
95%
各務原市
95%
可児市
95%
下呂市
95%
白川町
95%
白川村
95%
関市
95%
高山市
95%
多治見市
95%
土岐市
95%
中津川市
95%
東白川村
95%
飛騨市
95%
瑞浪市
95%
美濃加茂市
95%
美濃市
95%
揖斐川町
91%
岐南町
91%
郡上市
91%
羽島市
91%
瑞穂市
91%
本巣市
91%
山県市
91%
輪之内町
91%
安八町
86%
池田町
86%
坂祝町
86%
関ケ原町
86%
八百津町
86%
養老町
86%
笠松町
82%
七宗町
82%
神戸町
77%
御嵩町
77%
大野町
73%
川辺町
73%
北方町
73%
垂井町
73%
富加町
59%
No matching quizzes found
Score Distribution
Percent of People with Each Score
Percentile by Number Answered
Your Score History
You have not taken this quiz